00722nam a2200241Ia 450000100060000000300090000600800410001504000130005604000130006904100130008210000170009510000290011224500210014124500250016225000110018726000100019826000130020826000490022130000570027050000910032765000310041865000310044916419IT-RoPAU130308s9999 xx 000 0 und d aIT-RoPAU cIT-RoPAU aFRANCESE aColin Michel gCodice Aut. SPICS: 7918 aDislocation (La) bTheorie Du Film (La) a1a ed. aPARIS bAlbatros c1980 [1° Ed.:1980 - Ed.Ling.Originale:1980] a"18 p. (prefazione: no ; testo: 18 [pagine: 73-91])" aDinamica Comunicativa panoramica Dislocazione e Dinamica Comunicativa Analisi Testuale aLINGUAGGIO CINEMATOGRAFICO eCodice materia Spics: 6804